<?xml version="1.0" encoding="UTF-8"?>
<marc:record xmlns:marc="http://www.loc.gov/MARC21/slim">
   <marc:leader>00000nam a2200000 a 4500</marc:leader>
   <marc:datafield ind1="1" ind2=" " tag="100">
      <marc:subfield code="a">Bertram, Rüdiger</marc:subfield>
      <marc:subfield code="4">aut</marc:subfield>
      <marc:subfield code="e">Verfasser/-in</marc:subfield>
   </marc:datafield>
   <marc:datafield ind1="1" ind2=" " tag="100">
      <marc:subfield code="a">Bertram, Rüdiger</marc:subfield>
   </marc:datafield>
   <marc:datafield ind1="1" ind2=" " tag="100">
      <marc:subfield code="a">Schulmeyer, Heribert</marc:subfield>
   </marc:datafield>
   <marc:datafield ind1=" " ind2=" " tag="653">
      <marc:subfield code="a">Kinderbuch</marc:subfield>
   </marc:datafield>
   <marc:datafield ind1=" " ind2=" " tag="653">
      <marc:subfield code="a">Erstlesealter, Vorschulalter</marc:subfield>
   </marc:datafield>
   <marc:datafield ind1=" " ind2=" " tag="653">
      <marc:subfield code="a">Junge</marc:subfield>
   </marc:datafield>
   <marc:datafield ind1=" " ind2=" " tag="653">
      <marc:subfield code="a">Fantasiegefährte</marc:subfield>
   </marc:datafield>
   <marc:datafield ind1="0" ind2="0" tag="245">
      <marc:subfield code="a">Coolman und ich - Chaos beim Schulausflug</marc:subfield>
   </marc:datafield>
   <marc:datafield ind1="0" ind2="0" tag="245">
      <marc:subfield code="b">[mit 16 Seiten Leserätseln &amp; Lesespielen!]</marc:subfield>
   </marc:datafield>
   <marc:datafield ind1="0" ind2="0" tag="245">
      <marc:subfield code="c">Bertram, Rüdiger</marc:subfield>
   </marc:datafield>
   <marc:datafield ind1=" " ind2="1" tag="264">
      <marc:subfield code="a">Hamburg</marc:subfield>
      <marc:subfield code="b">Oetinger</marc:subfield>
      <marc:subfield code="c">2015</marc:subfield>
   </marc:datafield>
   <marc:datafield ind1="1" ind2=" " tag="490">
      <marc:subfield code="a">Büchersterne : 1. Klasse</marc:subfield>
   </marc:datafield>
   <marc:datafield ind1="1" ind2=" " tag="520">
      <marc:subfield code="a">Angaben aus der Verlagsmeldung &#xD;
&#xD;
 Coolman und ich. Chaos beim Schulausflug  : Mit 16 Seiten Leserätseln und -spielen Band 3  / von Rüdiger Bertram&#xD;
&#xD;
Nachts im Museum? COOLMAN sorgt auch am Tage für Chaos! Kai macht mit COOLMAN und seiner Klasse einen Schulausflug ins Museum. Das kann ja nicht gut gehen! COOLMAN interessiert sich immer für das, was die Kinder sich nicht ansehen sollen und bringt Kai in Schwierigkeiten. Oder wie soll Kai es nennen, wenn COOLMAN jedes Ausstellungsstück anfasst, sogar ein ausgestopftes Nashorn? Und dann entdeckt COOLMAN auch noch das Modell einer Rakete, die aus abertausenden Zahnstochern zusammengebaut wurde. Ob die so stabil ist, wie sie aussieht? Band 3 der coolen Erstleser um Kai und seinen unsichtbaren Freund mit vielen frechen farbigen Bildern. Lesen lernen mit "Büchersterne" für die 1. Klasse: sehr große Fibelschrift, einfache Wörter, kurze Sätze und ein hoher Bildanteil für die jüngsten Leseanfänger. Dazu 16 Seiten Leserätsel und Lesespiele im Anhang und eine Lesemission im Internet unter: www.LunaLeseprofi.de www.büchersterne.de</marc:subfield>
   </marc:datafield>
   <marc:datafield ind1=" " ind2=" " tag="020">
      <marc:subfield code="a">9783789124341</marc:subfield>
      <marc:subfield code="9">9783789124341</marc:subfield>
   </marc:datafield>
   <marc:datafield ind1=" " ind2=" " tag="020">
      <marc:subfield code="a">3789124346</marc:subfield>
      <marc:subfield code="9">3789124346</marc:subfield>
   </marc:datafield>
   <marc:datafield ind1=" " ind2=" " tag="041">
      <marc:subfield code="a">ger</marc:subfield>
   </marc:datafield>
   <marc:datafield ind1=" " ind2=" " tag="300">
      <marc:subfield code="b">zahlr. Ill.</marc:subfield>
   </marc:datafield>
   <marc:datafield ind1="1" ind2=" " tag="521">
      <marc:subfield code="a">Kind</marc:subfield>
   </marc:datafield>
   <marc:datafield ind1=" " ind2=" " tag="338">
      <marc:subfield code="a">Band</marc:subfield>
   </marc:datafield>
   <marc:datafield ind1=" " ind2=" " tag="300">
      <marc:subfield code="a">57 S.</marc:subfield>
   </marc:datafield>
</marc:record>
